000 00259nam a2200097Ia 4500
082 _aEF HAJI
245 0 _aThe writing on my forehead
100 _a HAJI, Nafisa London, 2009 1st ed
_969181
942 _cBK
008 210817s9999 xx 000 0 und d
999 _c223513
_d223513